ARRUPE JESUIT UNIVERSITY

CORONAVIRUS -STOP THE SPREAD - CLEAN,DISINFECT,COVER

Law and politics in the Middle Ages (Record no. 29600)

MARC details
000 -LEADER
fixed length control field 00494nam a2200193Ia 4500
003 - CONTROL NUMBER IDENTIFIER
control field 0100
005 - DATE AND TIME OF LATEST TRANSACTION
control field 20180427120545.0
008 - FIXED-LENGTH DATA ELEMENTS--GENERAL INFORMATION
fixed length control field 130303s9999 xx 000 0 und d
040 ## - CATALOGING SOURCE
Transcribing agency ARRUPELIB
050 ## - LIBRARY OF CONGRESS CALL NUMBER
Classification number JA82.U18 1975
300 ## - PHYSICAL DESCRIPTION
Dimensions 22cm.
300 ## - PHYSICAL DESCRIPTION
Other physical details
100 ## - MAIN ENTRY--PERSONAL NAME
Personal name Ullmann, Walter
9 (RLIN) 41654
245 ## - TITLE STATEMENT
Title Law and politics in the Middle Ages
Remainder of title An introduction to the sources of medieval political ideas
Statement of responsibility, etc \by Walter Ulimann
245 ## - TITLE STATEMENT
Remainder of title an introduction to the sources of Medieval political ideas
260 ## - PUBLICATION, DISTRIBUTION, ETC. (IMPRINT)
Place of publication, distribution, etc Ithaca
260 ## - PUBLICATION, DISTRIBUTION, ETC. (IMPRINT)
Name of publisher, distributor, etc Cornell U. P.
300 ## - PHYSICAL DESCRIPTION
Extent 320P.
700 ## - ADDED ENTRY--PERSONAL NAME
Personal name Walter Ullmann
9 (RLIN) 41655
942 ## - ADDED ENTRY ELEMENTS (KOHA)
Source of classification or shelving scheme Library of Congress Classification
Koha item type Monograph ( Printed materials)
Holdings
Withdrawn status Lost status Source of classification or shelving scheme Damaged status Not for loan Collection code Home library Current library Date acquired Total Checkouts Full call number Barcode Date last seen Copy number Price effective from Koha item type
    Library of Congress Classification     Main Collection ARRUPE LIBRARY ARRUPE LIBRARY 04/03/2013   JA82.U18 1975 46600001603 21/06/2018 1 04/03/2013 Monograph ( Printed materials)

 

Arrupe Library. PO Box MP320 Mt Pleasant, Harare, Zimbabwe
263 242 745411|librarian@aju.ac.zw